Hydropower economics / (Record no. 598454)

000 -LEADER
fixed length control field 00220nam a2200097Ia 4500
008 - FIXED-LENGTH DATA ELEMENTS--GENERAL INFORMATION
fixed length control field 230907s9999||||xx |||||||||||||| ||und||
082 ## - DEWEY DECIMAL CLASSIFICATION NUMBER
Classification number 333.914
Author Mark FOR
245 #0 - TITLE STATEMENT
Title Hydropower economics /
300 ## - PHYSICAL DESCRIPTION
Extent 326 p.
942 ## - ADDED ENTRY ELEMENTS (KOHA)
Koha item type Book
Holdings
Withdrawn status Lost status Damaged status Not for loan Permanent Location Current Location Date acquired Total Checkouts Total Renewals Full call number Barcode Date last seen Date last checked out Price effective from Koha item type
        US-Pakistan Center for Advanced Studies in Energy (USPCAS-E) US-Pakistan Center for Advanced Studies in Energy (USPCAS-E) 07/18/2019 2 1 333.914 FOR CAS-E0002553 10/23/2024 08/16/2024 09/12/2023 Book
© 2023 Central Library, National University of Sciences and Technology. All Rights Reserved.